| 000 | 01065nam a2200217Ia 4500 | ||
|---|---|---|---|
| 003 | Ost | ||
| 005 | 20260507075554.0 | ||
| 008 | 260507s9999||||xx |||||||||||||| ||und|| | ||
| 040 | _cfsecg | ||
| 041 | _aara | ||
| 082 | _a200 | ||
| 100 |
_aحمدان، عبد المطلب عبد الرزاق _eمؤلف |
||
| 245 | 0 |
_aالمضاربة كما تجريها المصارف الاسلامية و تطبيقاتها المعاصرة / _c عبد المطلب عبد الرزاق حمدان |
|
| 260 |
_aالاسكندرية: _bدار الفكر الجامعي, _c2005 |
||
| 300 |
_a163 صفحة؛ _c24 سم |
||
| 504 | _aمراجع ص.152 | ||
| 520 | _aمفهوم المضاربة و دليلها و حكمة شروعيتها و طبيعتها, أقسامها و الالفاظ التي تنعقد بها و كذا اركان و احكام المضاربة اضافة الى اختلاف المضارب و رب المال و في الاخير مبطلات المضاربة. | ||
| 653 | _aمصارف اسلامية | ||
| 653 | _aمضاربة | ||
| 942 | _cكتاب | ||
| 999 |
_c44948 _d44948 |
||